[Event "BL2-Sued 1920"]
[Site "Germany"]
[Date "2019.11.23"]
[Round "3.8"]
[White "Voelbel, Patrick"]
[Black "Fritsch, Rolf"]
[Result "1-0"]
[WhiteElo "2082"]
[BlackElo "2162"]
[PlyCount "174"]
[EventDate "2019.10.19"]
[EventType "team-tourn"]
[EventRounds "11"]
[EventCountry "GER"]
[SourceTitle "CBM 194 Extra"]
[Source "ChessBase"]
[SourceDate "2020.03.31"]
[SourceVersion "1"]
[SourceVersionDate "2020.03.31"]
[SourceQuality "1"]
[WhiteTeam "Worms"]
[BlackTeam "Stuttgart SF"]
[WhiteTeamCountry "GER"]
[BlackTeamCountry "GER"]

1. d4 g6 2. e4 Bg7 3. Nc3 d6 4. Be3 a6 5. Qd2 Nd7 6. 0-0-0 b5 7. f3 Bb7 8. g4 Rc8 9. Kb1 c5 10. dxc5 Nxc5 11. Bd4 Nf6 12. g5 Nh5 13. Bh3 Ne6 14. Bxg7 Nhxg7 15. Nge2 Rc5 16. Rhg1 0-0 17. f4 Qa8 18. Ng3 Rxc3 19. Qxc3 Nxf4 20. Bg4 Bc8 21. Bxc8 Rxc8 22. Qd2 Nfe6 23. h4 Rc5 24. Qf2 a5 25. Rgf1 Nd8 26. Rd3 Qc8 27. Rd5 Nge6 28. Rxc5 Qxc5 29. Qxc5 Nxc5 30. Kc1 Kf8 31. Kd2 Ke8 32. c3 Kd7 33. b4 axb4 34. cxb4 Na6 35. a3 Nc7 36. Ne2 Ke6 37. Rc1 Kd7 38. Nc3 Nc6 39. Re1 Nd4 40. Rf1 Ke8 41. a4 bxa4 42. Nxa4 d5 43. Kd3 Nc6 44. Rb1 dxe4+ 45. Kxe4 Nb5 46. Kd5 Nca7 47. Kc5 Nd6 48. Nc3 Kd7 49. Kb6 Nac8+ 50. Ka6 f6 51. b5 Nc4 52. Rd1+ Ke6 53. Rf1 N8b6 54. Kb7 f5 55. Kc6 Nc8 56. Re1+ Kf7 57. Na4 e5 58. Kd5 N4d6 59. Kxe5 Nxb5 60. Rc1 Ne7 61. Rc5 Na7 62. Nc3 Nac6+ 63. Kd6 f4 64. Rc4 f3 65. Rf4+ Ke8 66. Rxf3 Nd4 67. Rh3 Kf7 68. Rh1 Nf3 69. Ne4 Nf5+ 70. Kd7 Kg7 71. Ke6 N5d4+ 72. Kd5 Nf5 73. Ra1 h6 74. Ra7+ Kf8 75. Ke6 hxg5 76. Nxg5 N3xh4 77. Kf6 Ke8 78. Ne4 Kd8 79. Nc5 Kc8 80. Ne6 Nd6 81. Nf4 g5 82. Ng6 Nf3 83. Ne7+ Kb8 84. Nc6+ Kc8 85. Ne5 Ne8+ 86. Ke7 Ng7 87. Kf6 Nh5+ 1-0

[Event "Oberliga Sued W 1011"]
[Site "Germany"]
[Date "2010.11.14"]
[Round "3.7"]
[White "Voelbel, Patrick"]
[Black "Hauer, Andreas"]
[Result "1-0"]
[WhiteElo "2071"]
[BlackElo "1941"]
[PlyCount "61"]
[EventDate "2010.10.10"]
[EventType "team-tourn"]
[EventRounds "9"]
[EventCountry "GER"]
[SourceTitle "EXT 2012"]
[Source "ChessBase"]
[SourceDate "2011.11.24"]
[SourceVersion "1"]
[SourceVersionDate "2011.11.24"]
[SourceQuality "1"]
[WhiteTeam "Worms"]
[BlackTeam "Saarbruecken Gambit"]
[WhiteTeamCountry "GER"]
[BlackTeamCountry "GER"]

1. d4 d5 2. c4 e6 3. Nc3 c5 4. cxd5 exd5 5. Nf3 Nc6 6. Bg5 Be7 7. Bxe7 Ngxe7 8. e3 0-0 9. dxc5 Bg4 10. Be2 Qa5 11. Qa4 Qxc5 12. Qxg4 f5 13. Qa4 f4 14. Qb5 Qd6 15. 0-0 a6 16. Qb3 fxe3 17. fxe3 Ne5 18. Rad1 Rad8 19. Ne4 Nxf3+ 20. Bxf3 Qe5 21. Ng3 Kh8 22. Rd4 Rd7 23. Rfd1 Rfd8 24. e4 Rd6 25. exd5 h5 26. Qxb7 Qe3+ 27. Kf1 Nc6 28. Re4 Qc5 29. Rh4 Rb8 30. Nxh5 Qc4+ 31. Rxc4 1-0

[Event "GER-ch U16"]
[Site "Willingen"]
[Date "2005.05.19"]
[Round "8"]
[White "Voelbel, Patrick"]
[Black "Friedrich, Paul Robert"]
[Result "1-0"]
[WhiteElo "2108"]
[BlackElo "1956"]
[PlyCount "71"]
[EventDate "2005.05.14"]
[EventType "swiss"]
[EventRounds "9"]
[EventCountry "GER"]
[SourceTitle "CBM 106 Extra"]
[Source "ChessBase"]
[SourceDate "2005.07.01"]
[SourceVersion "1"]
[SourceVersionDate "2005.07.01"]
[SourceQuality "1"]

1. d4 Nf6 2. c4 g6 3. Nc3 Bg7 4. e4 d6 5. f3 0-0 6. Bg5 c5 7. d5 Na6 8. Bd3 Nc7 9. Nge2 Rb8 10. 0-0 a6 11. a4 b6 12. f4 Qe8 13. Qd2 b5 14. axb5 axb5 15. cxb5 Bd7 16. Ra7 Nxb5 17. Bxb5 Bxb5 18. e5 Nd7 19. Nxb5 Rxb5 20. Nc3 Rb4 21. exd6 Bd4+ 22. Kh1 exd6 23. Re1 Rxb2 24. Qc1 Rc2 25. Qb1 Qb8 26. Rb7 Qc8 27. Ne4 Re8 28. Nxd6 Rxe1+ 29. Qxe1 Qa8 30. Rxd7 Re2 31. Qf1 Rf2 32. Qa6 Qxa6 33. Rd8+ Kg7 34. Ne8+ Kf8 35. Nf6+ Kg7 36. Rg8# 1-0

[Event "GER-ch U16"]
[Site "Willingen"]
[Date "2005.05.16"]
[Round "4"]
[White "Voelbel, Patrick"]
[Black "Beck, Frederik"]
[Result "0-1"]
[WhiteElo "2108"]
[BlackElo "2212"]
[PlyCount "64"]
[EventDate "2005.05.14"]
[EventType "swiss"]
[EventRounds "9"]
[EventCountry "GER"]
[SourceTitle "CBM 106 Extra"]
[Source "ChessBase"]
[SourceDate "2005.07.01"]
[SourceVersion "1"]
[SourceVersionDate "2005.07.01"]
[SourceQuality "1"]

1. d4 Nf6 2. c4 c5 3. d5 b5 4. cxb5 a6 5. bxa6 Bxa6 6. Nc3 d6 7. g3 g6 8. Bg2 Bg7 9. Nh3 Nbd7 10. 0-0 0-0 11. Qc2 Nb6 12. Re1 Qd7 13. Nf4 Bb7 14. e4 Rfb8 15. Bh3 Qd8 16. b3 Nfd7 17. Bb2 Ne5 18. Re3 Bc8 19. Bf1 Ba6 20. Bxa6 Rxa6 21. h4 Nbd7 22. a4 c4 23. Nb5 cxb3 24. Qxb3 Nc5 25. Qb4 Rba8 26. Rea3 Nc4 27. Bxg7 Nxa3 28. Rxa3 Kxg7 29. Nd4 Qb6 30. Qc3 Kg8 31. Qe3 Qb1+ 32. Kh2 Qxe4 0-1

[Event "GER-ch U16"]
[Site "Willingen"]
[Date "2005.05.15"]
[Round "1"]
[White "Braun, Konstantin"]
[Black "Voelbel, Patrick"]
[Result "0-1"]
[WhiteElo "1662"]
[BlackElo "2108"]
[PlyCount "34"]
[EventDate "2005.05.14"]
[EventType "swiss"]
[EventRounds "9"]
[EventCountry "GER"]
[SourceTitle "CBM 106 Extra"]
[Source "ChessBase"]
[SourceDate "2005.07.01"]
[SourceVersion "1"]
[SourceVersionDate "2005.07.01"]
[SourceQuality "1"]

1. e4 c5 2. d4 cxd4 3. c3 dxc3 4. Nxc3 d6 5. Bc4 e6 6. Nf3 Qc7 7. Qe2 a6 8. 0-0 Nc6 9. Bf4 Nge7 10. Rfd1 Ng6 11. Bg3 Be7 12. Rac1 0-0 13. Nd4 Bg5 14. Rc2 Nb4 15. Rcd2 Bxd2 16. Rxd2 Ne5 17. Bxe5 dxe5 0-1

[Event "GER-ch U16"]
[Site "Willingen"]
[Date "2005.05.15"]
[Round "3"]
[White "Voelbel, Patrick"]
[Black "Glantz, Robert"]
[Result "1-0"]
[WhiteElo "2108"]
[BlackElo "1731"]
[PlyCount "129"]
[EventDate "2005.05.14"]
[EventType "swiss"]
[EventRounds "9"]
[EventCountry "GER"]
[SourceTitle "CBM 106 Extra"]
[Source "ChessBase"]
[SourceDate "2005.07.01"]
[SourceVersion "1"]
[SourceVersionDate "2005.07.01"]
[SourceQuality "1"]

1. d4 Nf6 2. c4 g6 3. Nc3 Bg7 4. e4 d6 5. f3 0-0 6. Bg5 Nc6 7. Nge2 a6 8. Qd2 Bd7 9. b3 Rb8 10. Rc1 e5 11. dxe5 Nxe5 12. Nd4 h6 13. Be3 Nh5 14. Be2 f5 15. exf5 gxf5 16. Nd5 c6 17. Nf4 Nxf4 18. Bxf4 Qf6 19. Rd1 Rbd8 20. 0-0 Kh7 21. Nc2 Be8 22. Qa5 Bg6 23. Rd2 Rd7 24. Rfd1 Nf7 25. Ne3 Qe6 26. Qb6 Bf6 27. g3 Re8 28. b4 Bg5 29. Ng2 Bd8 30. Qd4 Bf6 31. Qd3 d5 32. Qb3 d4 33. Bd3 Ng5 34. Bxg5 Bxg5 35. f4 Bf6 36. Re1 Qf7 37. Rde2 Rde7 38. Qc2 Rxe2 39. Rxe2 Rxe2 40. Qxe2 Qe7 41. Qxe7+ Bxe7 42. c5 Kg7 43. Ne1 Bf6 44. a3 Kf7 45. Kf2 Ke7 46. Nf3 Ke6 47. Nd2 Bd8 48. Bc4+ Kd7 49. Nb3 Bf6 50. Ke2 h5 51. Kd3 h4 52. Nxd4 Ke7 53. Ke3 hxg3 54. hxg3 Kd8 55. Be6 Kc7 56. Kd3 b6 57. cxb6+ Kxb6 58. Kc4 Kc7 59. a4 Kb6 60. Nb3 Be7 61. a5+ Kc7 62. Nc5 Kd6 63. Kd3 Bd8 64. Bc4 Bxa5 65. Nb7+ 1-0

[Event "Karl Mala Memorial op 08th"]
[Site "Frankfurt"]
[Date "2004.07.25"]
[Round "6"]
[White "Galbraith, Martin"]
[Black "Voelbel, Patrick"]
[Result "1/2-1/2"]
[WhiteElo "1948"]
[BlackElo "1858"]
[PlyCount "60"]
[EventDate "2004.07.22"]
[EventType "swiss"]
[EventRounds "7"]
[EventCountry "GER"]
[SourceTitle "EXT 2005"]
[Source "ChessBase"]
[SourceDate "2004.11.15"]
[SourceVersion "1"]
[SourceVersionDate "2004.11.15"]
[SourceQuality "1"]

1. d4 d5 2. Nf3 Nf6 3. c4 e6 4. g3 Be7 5. Bg2 0-0 6. 0-0 Nbd7 7. Qc2 c6 8. Nbd2 Re8 9. b3 b6 10. e4 dxe4 11. Nxe4 Bb7 12. Bb2 c5 13. Nfd2 Rb8 14. Rad1 cxd4 15. Bxd4 e5 16. Bb2 Qc7 17. Rfe1 Rbd8 18. Nxf6+ Bxf6 19. Ne4 Be7 20. Re2 f6 21. Red2 Nf8 22. Rxd8 Rxd8 23. Rxd8 Bxd8 24. Qd3 Be7 25. a3 a5 26. Nc3 Bxg2 27. Kxg2 Ne6 28. Nd5 Qd8 29. b4 axb4 30. axb4 Nc7 1/2-1/2

[Event "Karl Mala Memorial op 08th"]
[Site "Frankfurt"]
[Date "2004.07.24"]
[Round "5"]
[White "Voelbel, Patrick"]
[Black "Kreiling, Carsten"]
[Result "1/2-1/2"]
[WhiteElo "1858"]
[BlackElo "2090"]
[PlyCount "86"]
[EventDate "2004.07.22"]
[EventType "swiss"]
[EventRounds "7"]
[EventCountry "GER"]
[SourceTitle "EXT 2005"]
[Source "ChessBase"]
[SourceDate "2004.11.15"]
[SourceVersion "1"]
[SourceVersionDate "2004.11.15"]
[SourceQuality "1"]

1. d4 Nf6 2. c4 c5 3. d5 e6 4. Nc3 exd5 5. cxd5 d6 6. e4 g6 7. Nf3 Bg7 8. Bd3 0-0 9. h3 Nh5 10. 0-0 Na6 11. Re1 Re8 12. a3 Nc7 13. Qc2 a6 14. a4 Rb8 15. Bg5 Bf6 16. Bxf6 Nxf6 17. a5 b5 18. axb6 Rxb6 19. b3 Nb5 20. Na4 Rb7 21. Nb2 Rbe7 22. Nc4 Bb7 23. Re2 Nd7 24. Rae1 f6 25. Qb2 Ne5 26. Ncxe5 fxe5 27. Ra1 Rf7 28. b4 Rxf3 29. gxf3 Qg5+ 30. Kh2 Qf4+ 31. Kg2 Qg5+ 32. Kh2 Nd4 33. Re3 Qf4+ 34. Kg2 Rf8 35. Be2 Qg5+ 36. Kf1 cxb4 37. Qxb4 Bc8 38. Rc1 Bxh3+ 39. Ke1 Bg2 40. Qxd6 Bxf3 41. Bxf3 Nxf3+ 42. Ke2 Nd4+ 43. Kd3 a5 1/2-1/2

[Event "Karl Mala Memorial op 08th"]
[Site "Frankfurt"]
[Date "2004.07.23"]
[Round "3"]
[White "Voelbel, Patrick"]
[Black "Nodorp, Dieter"]
[Result "1/2-1/2"]
[WhiteElo "1858"]
[BlackElo "1996"]
[PlyCount "47"]
[EventDate "2004.07.22"]
[EventType "swiss"]
[EventRounds "7"]
[EventCountry "GER"]
[SourceTitle "EXT 2005"]
[Source "ChessBase"]
[SourceDate "2004.11.15"]
[SourceVersion "1"]
[SourceVersionDate "2004.11.15"]
[SourceQuality "1"]

1. d4 d5 2. c4 dxc4 3. e3 e5 4. Bxc4 exd4 5. exd4 Nf6 6. Nc3 Be7 7. Nge2 0-0 8. 0-0 Nbd7 9. Bf4 c6 10. Bb3 Nb6 11. Qd3 Nbd5 12. Be5 Re8 13. Rad1 Be6 14. f4 Nb4 15. Qf3 Bxb3 16. axb3 Nfd5 17. f5 f6 18. Bf4 Bd6 19. Ne4 Bxf4 20. Nxf4 Nxf4 21. Qxf4 Nd5 22. Qf3 b6 23. Rfe1 Qd7 24. Nc3 1/2-1/2

[Event "GER-ch U14"]
[Site "Willingen"]
[Date "2004.06.04"]
[Round "9"]
[White "Voelbel, Patrick"]
[Black "Szczap, Arthur"]
[Result "1-0"]
[WhiteElo "1867"]
[BlackElo "1497"]
[PlyCount "79"]
[EventDate "2004.06.??"]
[EventType "swiss"]
[EventRounds "9"]
[EventCountry "GER"]
[SourceTitle "EXT 2005"]
[Source "ChessBase"]
[SourceDate "2004.11.15"]
[SourceVersion "1"]
[SourceVersionDate "2004.11.15"]
[SourceQuality "1"]

1. d4 Nf6 2. c4 e6 3. Nc3 Bb4 4. a3 Bxc3+ 5. bxc3 b6 6. f3 d6 7. e4 e5 8. Be3 Nbd7 9. Bd3 0-0 10. Ne2 Re8 11. Qd2 Nf8 12. 0-0 Ng6 13. Ng3 a5 14. Rae1 Ba6 15. Nf5 Bc8 16. Bg5 h6 17. Be3 Bxf5 18. exf5 Nf8 19. Bf2 N8h7 20. Bh4 Qd7 21. Qc2 c5 22. d5 Nh5 23. Kh1 Nf4 24. g3 Nxd3 25. Qxd3 f6 26. Rb1 Rab8 27. Rb5 Rb7 28. Rfb1 Reb8 29. Qe4 Qc7 30. Kg2 Re8 31. R1b2 Re7 32. Qb1 Rd7 33. Rxb6 Rxb6 34. Rxb6 Kf7 35. Qb5 Qa7 36. Ra6 Qb7 37. Rxa5 Ke7 38. Ra6 Ke8 39. Rb6 Qa7 40. a4 1-0

[Event "GER-ch U14"]
[Site "Willingen"]
[Date "2004.06.01"]
[Round "6"]
[White "Dinger, Florian"]
[Black "Voelbel, Patrick"]
[Result "1-0"]
[WhiteElo "2070"]
[BlackElo "1867"]
[PlyCount "93"]
[EventDate "2004.06.??"]
[EventType "swiss"]
[EventRounds "9"]
[EventCountry "GER"]
[SourceTitle "EXT 2005"]
[Source "ChessBase"]
[SourceDate "2004.11.15"]
[SourceVersion "1"]
[SourceVersionDate "2004.11.15"]
[SourceQuality "1"]

1. e4 c5 2. Nf3 e6 3. d4 cxd4 4. Nxd4 a6 5. Bd3 Nf6 6. 0-0 d6 7. c4 b6 8. Nc3 Bb7 9. Qe2 Nbd7 10. Bd2 Qc7 11. f3 Be7 12. Rfc1 0-0 13. a4 Rfe8 14. Be3 Rac8 15. a5 bxa5 16. Nb3 Nc5 17. Nxa5 Nfd7 18. Bc2 Bf6 19. Qd2 Nb6 20. Ra2 Red8 21. b4 Ncd7 22. Bb3 Ne5 23. Ne2 Be7 24. Bd4 Nc6 25. Nxc6 Qxc6 26. Qc3 e5 27. Be3 Qc7 28. Qe1 Nd7 29. Nc3 h6 30. h4 Rf8 31. Qf2 Kh8 32. b5 Ra8 33. g3 f5 34. Nd5 Bxd5 35. cxd5 Qb7 36. b6 Rfc8 37. Rc6 Nc5 38. Bxc5 dxc5 39. Ba4 Rab8 40. Rb2 fxe4 41. fxe4 Rf8 42. Qe3 Rbc8 43. d6 Rxc6 44. dxe7 Re8 45. Bxc6 Qxc6 46. b7 Qd6 47. Qb3 1-0

[Event "GER-ch U14"]
[Site "Willingen"]
[Date "2004.05.30"]
[Round "3"]
[White "Voelbel, Patrick"]
[Black "Rudolf, Sebastian"]
[Result "1/2-1/2"]
[WhiteElo "1867"]
[BlackElo "1926"]
[PlyCount "48"]
[EventDate "2004.06.??"]
[EventType "swiss"]
[EventRounds "9"]
[EventCountry "GER"]
[SourceTitle "EXT 2005"]
[Source "ChessBase"]
[SourceDate "2004.11.15"]
[SourceVersion "1"]
[SourceVersionDate "2004.11.15"]
[SourceQuality "1"]

1. d4 Nf6 2. c4 c5 3. d5 e6 4. Nc3 exd5 5. cxd5 d6 6. e4 g6 7. Nf3 Bg7 8. Bc4 0-0 9. 0-0 Bg4 10. h3 Bxf3 11. Qxf3 Nbd7 12. Bf4 Qe7 13. Rfe1 Ne5 14. Qe2 a6 15. a4 Rab8 16. Bh2 Rfe8 17. a5 Nxc4 18. Qxc4 Nd7 19. Re2 Ne5 20. Bxe5 Bxe5 21. Na4 h5 22. Nb6 Qh4 23. Qd3 Qg5 24. Qf3 Re7 1/2-1/2

[Event "GER-ch Lands U20"]
[Site "Kassel"]
[Date "2003.10.22"]
[Round "6.4"]
[White "Voelbel, Patrick"]
[Black "Becker, Erik"]
[Result "0-1"]
[WhiteElo "1779"]
[BlackElo "2010"]
[PlyCount "80"]
[EventDate "2003.10.19"]
[EventType "team"]
[EventRounds "7"]
[EventCountry "GER"]
[SourceTitle "EXT 2004"]
[Source "ChessBase"]
[SourceDate "2003.11.25"]
[SourceVersion "1"]
[SourceVersionDate "2003.11.25"]
[SourceQuality "1"]

1. d4 Nf6 2. c4 g6 3. Nc3 Bg7 4. e4 d6 5. Be2 0-0 6. Bg5 Nbd7 7. Qd2 c6 8. Nf3 Qc7 9. 0-0 Rd8 10. Rad1 Nf8 11. h3 Bd7 12. Qc1 Be6 13. b3 a6 14. a4 Ne8 15. Be3 Bd7 16. Ne1 e5 17. d5 c5 18. Qc2 f5 19. f4 exf4 20. Bxf4 fxe4 21. Nxe4 Bf5 22. Bg5 Rd7 23. g4 Bxe4 24. Qxe4 Rf7 25. Nf3 Nf6 26. Qc2 Re8 27. Bd3 N6d7 28. Kg2 Ne5 29. Nxe5 Rxe5 30. Rxf7 Qxf7 31. Rf1 Qd7 32. Qd2 Re8 33. Bf6 Bxf6 34. Rxf6 Qe7 35. Qf4 Rd8 36. g5 Qe1 37. Rf7 Qa1 38. Rxb7 Qa2+ 39. Kf3 Nd7 40. Qxd6 Rf8+ 0-1

[Event "GER-ch Lands U20"]
[Site "Kassel"]
[Date "2003.10.21"]
[Round "4.4"]
[White "Voelbel, Patrick"]
[Black "Baeumler, Ilja"]
[Result "1/2-1/2"]
[WhiteElo "1779"]
[BlackElo "2153"]
[PlyCount "47"]
[EventDate "2003.10.19"]
[EventType "team"]
[EventRounds "7"]
[EventCountry "GER"]
[SourceTitle "EXT 2004"]
[Source "ChessBase"]
[SourceDate "2003.11.25"]
[SourceVersion "1"]
[SourceVersionDate "2003.11.25"]
[SourceQuality "1"]

1. d4 Nf6 2. c4 g6 3. Nc3 Bg7 4. e4 d6 5. Be2 0-0 6. Bg5 h6 7. Be3 e5 8. d5 a5 9. Qd2 Kh7 10. h4 Na6 11. h5 g5 12. f3 g4 13. 0-0-0 Nc5 14. Bd3 Qe7 15. Nge2 Rd8 16. Ng3 Rb8 17. Rhe1 c6 18. f4 Ne8 19. Bc2 Bd7 20. Qf2 Kh8 21. fxe5 Qxe5 22. Nf5 Bxf5 23. exf5 Qf6 24. Kb1 1/2-1/2

[Event "GER-ch U14"]
[Site "Willingen"]
[Date "2003.06.10"]
[Round "4"]
[White "Plenca, Julian"]
[Black "Voelbel, Patrick"]
[Result "1-0"]
[WhiteElo "2066"]
[BlackElo "1815"]
[PlyCount "63"]
[EventDate "2003.06.08"]
[EventType "swiss"]
[EventRounds "9"]
[EventCountry "GER"]
[SourceTitle "CBM 094 Extra"]
[Source "ChessBase"]
[SourceDate "2003.07.09"]
[SourceVersion "2"]
[SourceVersionDate "2003.07.09"]
[SourceQuality "1"]

1. e4 c5 2. Nf3 e6 3. d4 cxd4 4. Nxd4 a6 5. Be3 Nf6 6. Bd3 Qc7 7. 0-0 Be7 8. c4 0-0 9. Nc3 d6 10. f4 b6 11. f5 Nc6 12. Nxc6 Qxc6 13. Qa4 Bd7 14. Qb4 Rfe8 15. fxe6 fxe6 16. Kh1 Rab8 17. Qb3 Kh8 18. Rac1 Ng4 19. Bg1 Bg5 20. Rce1 Ne5 21. Ne2 Qa4 22. Qc3 b5 23. c5 b4 24. Qd4 Nxd3 25. Qxd3 Bb5 26. Qxd6 Rbd8 27. Qe5 Bd2 28. Bd4 Rg8 29. b3 Qa5 30. Nf4 Bxe1 31. Qxe6 Rge8 32. Bxg7+ 1-0

[Event "GER-ch U14"]
[Site "Willingen"]
[Date "2003.06.08"]
[Round "1"]
[White "Lieder, Konrad"]
[Black "Voelbel, Patrick"]
[Result "1-0"]
[WhiteElo "2123"]
[BlackElo "1815"]
[PlyCount "81"]
[EventDate "2003.06.08"]
[EventType "swiss"]
[EventRounds "9"]
[EventCountry "GER"]
[SourceTitle "CBM 094 Extra"]
[Source "ChessBase"]
[SourceDate "2003.07.09"]
[SourceVersion "2"]
[SourceVersionDate "2003.07.09"]
[SourceQuality "1"]

1. d4 d5 2. c4 e6 3. Nc3 Nf6 4. Bg5 Nbd7 5. Rc1 Be7 6. Nf3 0-0 7. e3 c6 8. Bd3 a6 9. c5 Re8 10. h4 h6 11. Bf4 Ng4 12. b4 Bf6 13. Bd6 e5 14. Ng5 Bxg5 15. Qxg4 Nxc5 16. Qe2 Nxd3+ 17. Qxd3 Bxe3 18. fxe3 Qxd6 19. 0-0 e4 20. Qe2 Qg3 21. Rf4 Be6 22. Rcf1 g5 23. Rf6 Qxh4 24. Na4 Re7 25. Nc5 Bg4 26. Qd2 Rd8 27. R1f2 Kg7 28. Qe1 Qg3 29. Rxf7+ Kg8 30. Rxe7 Bf3 31. Ne6 Rd6 32. Kf1 Qh2 33. gxf3 Qh3+ 34. Ke2 Rxe6 35. Rxb7 exf3+ 36. Rxf3 Qg4 37. Qg3 Rxe3+ 38. Kxe3 Qe4+ 39. Kf2 Qc2+ 40. Kg1 Qd1+ 41. Kg2 1-0

[Event "GER-ch U14"]
[Site "Willingen"]
[Date "2003.06.08"]
[Round "2"]
[White "Voelbel, Patrick"]
[Black "Rietze, Clemens"]
[Result "1/2-1/2"]
[WhiteElo "1815"]
[BlackElo "1716"]
[PlyCount "79"]
[EventDate "2003.06.08"]
[EventType "swiss"]
[EventRounds "9"]
[EventCountry "GER"]
[SourceTitle "CBM 094 Extra"]
[Source "ChessBase"]
[SourceDate "2003.07.09"]
[SourceVersion "2"]
[SourceVersionDate "2003.07.09"]
[SourceQuality "1"]

1. e4 c5 2. Nf3 Nc6 3. d3 e5 4. Nc3 Nf6 5. Bg5 Be7 6. g3 d6 7. Bg2 Bg4 8. Bxf6 Bxf6 9. h3 Bh5 10. g4 Bg6 11. Nd5 Be7 12. c3 Qd7 13. h4 h6 14. Qe2 Nd8 15. Bh3 Ne6 16. 0-0-0 0-0-0 17. Kb1 Kb8 18. Rhe1 Bh7 19. Ka1 g5 20. h5 Nc7 21. Nxc7 Qxc7 22. c4 Qd7 23. Nd2 Rde8 24. Nf1 f6 25. Ne3 Bg8 26. Nf5 Bd8 27. Qd2 Be6 28. Bg2 Bc7 29. Qc3 Qd8 30. Re2 Ba5 31. Qb3 Qc7 32. Ne3 Qc8 33. Bf3 Bd7 34. Rg1 Bc6 35. a3 Qd7 36. Qc2 Ba4 37. b3 Bc6 38. Ka2 Ka8 39. Rb1 Qe6 40. Nf5 1/2-1/2

[Event "GER-ch U12"]
[Site "Winterberg"]
[Date "2002.05.23"]
[Round "9"]
[White "Herkt, Laura"]
[Black "Voelbel, Patrick"]
[Result "1/2-1/2"]
[WhiteElo "1452"]
[BlackElo "1621"]
[PlyCount "36"]
[EventDate "2002.05.19"]
[EventType "swiss"]
[EventRounds "11"]
[EventCountry "GER"]
[SourceTitle "CBM 088 Extra"]
[Source "ChessBase"]
[SourceDate "2002.07.01"]
[SourceVersion "2"]
[SourceVersionDate "2002.07.01"]
[SourceQuality "1"]

1. e4 e6 2. d4 d5 3. exd5 exd5 4. Nc3 c6 5. Bd3 Bd6 6. Nge2 Ne7 7. Be3 0-0 8. Qd2 Bf5 9. 0-0-0 Nd7 10. Bg5 f6 11. Bf4 Qc7 12. Bxd6 Qxd6 13. Ng3 Bxd3 14. Qxd3 b5 15. Rde1 Nb6 16. Qe3 Kf7 17. Qf3 b4 18. Nd1 g6 1/2-1/2

[Event "GER-ch U12"]
[Site "Winterberg"]
[Date "2002.05.22"]
[Round "7"]
[White "Guenther, Christian1111"]
[Black "Voelbel, Patrick"]
[Result "1/2-1/2"]
[WhiteElo "1493"]
[BlackElo "1621"]
[PlyCount "76"]
[EventDate "2002.05.19"]
[EventType "swiss"]
[EventRounds "11"]
[EventCountry "GER"]
[SourceTitle "CBM 088 Extra"]
[Source "ChessBase"]
[SourceDate "2002.07.01"]
[SourceVersion "2"]
[SourceVersionDate "2002.07.01"]
[SourceQuality "1"]

1. d4 d5 2. c4 e6 3. Nc3 Nf6 4. Bg5 Be7 5. Nf3 0-0 6. e3 Nbd7 7. Rc1 c6 8. cxd5 exd5 9. Bd3 h6 10. Bh4 Re8 11. 0-0 Qc7 12. Qb3 Qb6 13. Qxb6 Nxb6 14. Rfe1 Ne4 15. Bxe7 Rxe7 16. Ne5 Nd7 17. Nxd7 Bxd7 18. Nxe4 dxe4 19. Bc4 Be6 20. Red1 Rd8 21. Bxe6 Rxe6 22. Rc3 Rd5 23. Rb3 Re7 24. Rc1 Red7 25. h3 Kf8 26. Rc4 Ke7 27. Rcb4 b6 28. Rc4 Rc7 29. Rbc3 Kd6 30. Kf1 f5 31. Ke2 c5 32. b4 cxd4 33. Rxc7 dxc3 34. Rxc3 Kd7 35. a4 a6 36. f3 Re5 37. f4 Re6 38. b5 a5 1/2-1/2

[Event "GER-ch U12"]
[Site "Winterberg"]
[Date "2002.05.20"]
[Round "4"]
[White "Voelbel, Patrick"]
[Black "Zemella, Christian"]
[Result "0-1"]
[WhiteElo "1621"]
[BlackElo "1508"]
[PlyCount "76"]
[EventDate "2002.05.19"]
[EventType "swiss"]
[EventRounds "11"]
[EventCountry "GER"]
[SourceTitle "CBM 088 Extra"]
[Source "ChessBase"]
[SourceDate "2002.07.01"]
[SourceVersion "2"]
[SourceVersionDate "2002.07.01"]
[SourceQuality "1"]

1. e4 c5 2. Nf3 d6 3. d4 cxd4 4. Nxd4 Nf6 5. Nc3 a6 6. f3 e5 7. Nb3 Be6 8. Be3 Be7 9. Qd2 Nc6 10. Nd5 Bxd5 11. exd5 Nb8 12. 0-0-0 Nbd7 13. Kb1 b6 14. g3 Nc5 15. Bxc5 bxc5 16. Na5 Qb6 17. Nc6 Ng8 18. Bh3 Bf6 19. Rhe1 Ne7 20. f4 exf4 21. c3 fxg3 22. hxg3 Kf8 23. Nxe7 Bxe7 24. Qf2 Rb8 25. Rf1 Bf6 26. Rde1 Qb7 27. Qd2 a5 28. Re4 Re8 29. Ra4 Qb5 30. Raf4 Re7 31. Rxf6 gxf6 32. Qh6+ Ke8 33. Qxf6 Qd3+ 34. Ka1 Rg8 35. a3 Qxg3 36. Qf5 Re1+ 37. Ka2 Rxf1 38. Qd7+ Kf8 0-1

[Event "GER-ch U12"]
[Site "Winterberg"]
[Date "2002.05.20"]
[Round "3"]
[White "Weber, Max1111"]
[Black "Voelbel, Patrick"]
[Result "1/2-1/2"]
[WhiteElo "1531"]
[BlackElo "1621"]
[PlyCount "109"]
[EventDate "2002.05.19"]
[EventType "swiss"]
[EventRounds "11"]
[EventCountry "GER"]
[SourceTitle "CBM 088 Extra"]
[Source "ChessBase"]
[SourceDate "2002.07.01"]
[SourceVersion "2"]
[SourceVersionDate "2002.07.01"]
[SourceQuality "1"]

1. Nf3 d5 2. c4 e6 3. d3 c5 4. Nbd2 Nf6 5. g3 Bd6 6. Bg2 0-0 7. 0-0 Nbd7 8. b3 Nb6 9. Bb2 d4 10. e4 Qc7 11. Rc1 e5 12. Qc2 Be6 13. Ne1 Ng4 14. h3 Nh6 15. b4 cxb4 16. c5 Qxc5 17. Qxc5 Bxc5 18. Rxc5 Na4 19. Rc2 Bxa2 20. Bc1 b3 21. Rc4 b5 22. Rc6 Rfc8 23. Rxc8+ Rxc8 24. Nef3 b2 25. Bxb2 Nxb2 26. Ra1 Be6 27. Rxa7 f6 28. Rb7 Rc1+ 29. Kh2 Nxd3 30. Rxb5 Nxf2 31. Rb8+ Kf7 32. Rb7+ Kf8 33. Rb8+ Ke7 34. Rb7+ Bd7 35. Bf1 Nxe4 36. Nxe4 Rxf1 37. Nfd2 Rc1 38. Nb3 Rc2+ 39. Kg1 Kd8 40. Nbc5 Rxc5 41. Nxc5 Bf5 42. g4 Bg6 43. Rxg7 Nf7 44. Rg8+ Ke7 45. h4 Kd6 46. Nb3 Bc2 47. Nd2 Nh6 48. Rg7 e4 49. Kf1 Bd3+ 50. Ke1 Ke6 51. Kd1 Ke5 52. g5 fxg5 53. hxg5 Nf5 54. Rxh7 e3 55. Nf3+ 1/2-1/2